000 00530nam a2200169 i 4500
001 101667
003 ES-MaACL
005 20230906182943.0
007 t|
008 051021s1931 mx ||||1| spa d
100 1 _aMejia, Estanislao.
_979862
245 1 0 _aEstudio de la música en el terreno constructivo y profesional /
_cEstanislao Mejia.
260 _aMéxico :
_b[s.n.],
_c1931.
300 _a2 h.
500 _aPrecede al tít.: Facultad de Música de la Universidad Nacional Autónoma.
852 _aES-MaACL
_j1777-F-19
999 _c101667
_d101667